• 首页
  • 本馆介绍
  • 公告通知
  • 最新文献
  • 馆藏检索
  • 电子资源
  • 读者导购
  • 参考咨询
  • 我的图书馆
  • 登录
  • 详细信息显示
  • 放入我的书架
  • 预约/预借图书
  • 作者相关作品
  • 分类相关作品
  • 丛书相关作品
  • 出版社相关作品

书目信息

  • 表格格式
  • 工作单格式
  • 卡片格式
题名:
中小学图书馆图书分类工作
    
 
作者: 巩雪芹 编著
分册:  
出版信息: 北京   海洋出版社  1993
页数: 176页
开本: 19cm
丛书名:
单 册:
中图分类: G254.11
科图分类: 37.6441
主题词: 分类标引-学校图书馆-中学--教材 , 中学-学校图书馆-分类标引--教材 , 学校图书馆-中学-分类标引--教材
电子资源:
ISBN: 7-5027-1295-X
000 00822nam0 2200265 45
001 0197043440
005 20060820112422.64
010    @a7-5027-1295-X@dCNY4.20
100    @a19971210e19971993em y0chiy0121 ea
101 0  @achi
102    @aCN@b110000
105    @ay z 000yy
200 10 @a中小学图书馆图书分类工作@Azhong xiao xue tu shu guan tu shu fen lei gong zuo@f巩雪芹编著
210    @a北京@c海洋出版社@d1993@h1997重印
215    @a176页@d19cm
300    @a中小学图书馆(室)必备书目
300    @a中小学图书馆员业务培训教材
606    @a分类标引-学校图书馆-中学@x教材
606    @a中学-学校图书馆-分类标引@x教材
606    @a学校图书馆-中学-分类标引@x教材
690    @aG254.11@v3
692    @a37.6441@v2
701  0 @a巩雪芹@Agong xue qin@4编著
801  0 @aCN@bTSSF@c20060820
905    @a10447@dG254.11@e89
    
    中小学图书馆图书分类工作/巩雪芹编著.-北京:海洋出版社,1993(1997重印)
    176页;19cm
    中小学图书馆(室)必备书目.-中小学图书馆员业务培训教材
    
    ISBN 7-5027-1295-X:CNY4.20
    
●
相关链接 在E读中查询图书 在五车中查询图书 在当当中查询图书 在豆瓣中查询图书


正题名:中小学图书馆图书分类工作     索取号:G254.11/89         预约/预借

序号 登录号 条形码 馆藏地/架位号 状态 备注
1 0448365   204483656   密集书库/ [索取号:G254.11/89] 在馆    
2 0471654   204716548   密集书库/ [索取号:G254.11/89] 在馆    
唐山师范学院图书馆 欢迎您!
大连网信软件有限公司© 版权所有